000 00526cam a2200205ua 4500
020 _a81-224-0542-8
_c85.00
041 _aeng
_h
082 _a808.066
_bABD/TH
100 _aAbdulrahim , F .
245 _aThesis writing: A manual for researchers /
_cF Abdulrahim.
_hTextual Documents
250 _a1 /
_b.
260 _aNew Delhi :
_bNew Age International Ltd ,
_c1996.
300 _a141 ; .
365 _a85.00
500 _a*CSS
504 _a
942 _cBK
999 _c5509
_d5509